|
|
|
|
| LEADER |
01053nam a2200217 i 4500 |
| 003 |
GR-PaULI |
| 005 |
20210117210444.0 |
| 008 |
170920s1986 gr ||||g |||| 00| p gre d |
| 040 |
|
|
|a GR-PaULI
|b gre
|c GR-PaULI
|e AACR2
|
| 082 |
0 |
4 |
|2 23
|a 889.134
|
| 100 |
1 |
|
|9 7321
|a Αξελός, Λουκάς,
|d 1947-
|e συγγραφέας
|
| 245 |
1 |
0 |
|a Ταξίδι στη νύχτα :
|b με ένα πίνακα του Μιχάλη Γεωργά.
|
| 260 |
|
|
|a Αθήνα :
|b Στοχαστής,
|c 1986.
|
| 300 |
|
|
|a 45 σ. ;
|c 21 εκ.
|
| 490 |
1 |
|
|a Σύγχρονοι έλληνες συγγραφείς / Στοχαστής
|
| 700 |
1 |
|
|9 134906
|a Γεωργάς, Μιχάλης
|e εικονογράφος
|
| 830 |
|
0 |
|9 157701
|a Σύγχρονοι έλληνες συγγραφείς (Στοχαστής)
|
| 942 |
|
|
|2 ddc
|c BK15
|
| 952 |
|
|
|0 0
|1 0
|2 ddc
|4 0
|6 889_134000000000000_ΑΞΕ
|7 0
|9 215159
|a LISP
|b LISP
|c DON
|d 2017-09-20
|e ΒΑΛ
|i 125857
|l 0
|o 889.134 ΑΞΕ
|p 025000233155
|r 2017-09-20 00:00:00
|t 1
|v 2017.00
|w 2017-09-20
|y BK15
|
| 998 |
|
|
|c ΣΑΤΛΑΝΗΣ
|d 2017-09
|
| 999 |
|
|
|c 130740
|d 130740
|